000 00307nam a22001217a 4500
082 _a621.91 PAR'P
100 _aPARSONS, S. A. J
_977384
245 _aPRODUCTION TOOLING EQUIPMENT THE DESIGN OF JIGS TOOLS AND GUAGES
250 _a3RD
260 _aLONDON
_bMACMILLAN
_c1966
300 _a364P
942 _cBK
999 _c582662
_d582662